<?xml version="1.0" encoding="UTF-8"?>
<record
    xmlns:xsi="http://www.w3.org/2001/XMLSchema-instance"
    xsi:schemaLocation="http://www.loc.gov/MARC21/slim http://www.loc.gov/standards/marcxml/schema/MARC21slim.xsd"
    xmlns="http://www.loc.gov/MARC21/slim">

  <leader>00452nam a22001817a 4500</leader>
  <controlfield tag="005">20231031163921.0</controlfield>
  <controlfield tag="008">231031b        |||||||| |||| 00| 0 eng d</controlfield>
  <datafield tag="020" ind1=" " ind2=" ">
    <subfield code="a">978-93-86456-82-3</subfield>
  </datafield>
  <datafield tag="041" ind1=" " ind2=" ">
    <subfield code="a">eng</subfield>
  </datafield>
  <datafield tag="082" ind1=" " ind2=" ">
    <subfield code="a">347.09</subfield>
  </datafield>
  <datafield tag="100" ind1=" " ind2=" ">
    <subfield code="a">TRIPATHI, DR. S.C</subfield>
    <subfield code="9">8216</subfield>
  </datafield>
  <datafield tag="245" ind1=" " ind2=" ">
    <subfield code="a">ALTERNATIVE DISPUTE RESOLUTION [ADR]</subfield>
  </datafield>
  <datafield tag="250" ind1=" " ind2=" ">
    <subfield code="a">3RD.ED.,2018</subfield>
  </datafield>
  <datafield tag="260" ind1=" " ind2=" ">
    <subfield code="a">ALLAHABAD</subfield>
    <subfield code="b">CENTRAL LAW PUBLICATION</subfield>
    <subfield code="c">2022</subfield>
  </datafield>
  <datafield tag="300" ind1=" " ind2=" ">
    <subfield code="a">463;p</subfield>
  </datafield>
  <datafield tag="650" ind1=" " ind2=" ">
    <subfield code="a">LAW</subfield>
  </datafield>
  <datafield tag="942" ind1=" " ind2=" ">
    <subfield code="c">BK</subfield>
  </datafield>
  <datafield tag="999" ind1=" " ind2=" ">
    <subfield code="c">8433</subfield>
    <subfield code="d">8431</subfield>
  </datafield>
  <datafield tag="952" ind1=" " ind2=" ">
    <subfield code="0">0</subfield>
    <subfield code="1">0</subfield>
    <subfield code="4">0</subfield>
    <subfield code="7">0</subfield>
    <subfield code="8">REF</subfield>
    <subfield code="a">JRU</subfield>
    <subfield code="b">JRU</subfield>
    <subfield code="c">SHELF-1-B</subfield>
    <subfield code="d">2023-10-31</subfield>
    <subfield code="e">PURCHASE [LBI]</subfield>
    <subfield code="g">380.00</subfield>
    <subfield code="l">0</subfield>
    <subfield code="o">347.09</subfield>
    <subfield code="p">27977</subfield>
    <subfield code="r">2023-10-31 16:41:06</subfield>
    <subfield code="w">2023-10-31</subfield>
    <subfield code="y">BK</subfield>
  </datafield>
  <datafield tag="952" ind1=" " ind2=" ">
    <subfield code="0">0</subfield>
    <subfield code="1">0</subfield>
    <subfield code="4">0</subfield>
    <subfield code="7">0</subfield>
    <subfield code="8">LAW</subfield>
    <subfield code="a">JRU</subfield>
    <subfield code="b">JRU</subfield>
    <subfield code="c">SHELF-30-D</subfield>
    <subfield code="d">2023-10-31</subfield>
    <subfield code="e">PURCHASE [LBI]</subfield>
    <subfield code="g">380.00</subfield>
    <subfield code="l">3</subfield>
    <subfield code="m">2</subfield>
    <subfield code="o">347.09</subfield>
    <subfield code="p">27978</subfield>
    <subfield code="r">2025-08-21 11:30:25</subfield>
    <subfield code="s">2025-08-19</subfield>
    <subfield code="w">2023-10-31</subfield>
    <subfield code="y">BK</subfield>
  </datafield>
  <datafield tag="952" ind1=" " ind2=" ">
    <subfield code="0">0</subfield>
    <subfield code="1">0</subfield>
    <subfield code="4">0</subfield>
    <subfield code="7">0</subfield>
    <subfield code="8">LAW</subfield>
    <subfield code="a">JRU</subfield>
    <subfield code="b">JRU</subfield>
    <subfield code="c">SHELF-30-D</subfield>
    <subfield code="d">2023-10-31</subfield>
    <subfield code="e">PURCHASE [LBI]</subfield>
    <subfield code="g">380.00</subfield>
    <subfield code="l">2</subfield>
    <subfield code="o">347.09</subfield>
    <subfield code="p">27979</subfield>
    <subfield code="r">2026-03-17 06:23:56</subfield>
    <subfield code="s">2026-02-20</subfield>
    <subfield code="w">2023-10-31</subfield>
    <subfield code="y">BK</subfield>
  </datafield>
  <datafield tag="952" ind1=" " ind2=" ">
    <subfield code="0">0</subfield>
    <subfield code="1">0</subfield>
    <subfield code="4">0</subfield>
    <subfield code="7">0</subfield>
    <subfield code="8">LAW</subfield>
    <subfield code="a">JRU</subfield>
    <subfield code="b">JRU</subfield>
    <subfield code="c">SHELF-30-D</subfield>
    <subfield code="d">2023-10-31</subfield>
    <subfield code="e">PURCHASE [LBI]</subfield>
    <subfield code="g">380.00</subfield>
    <subfield code="l">0</subfield>
    <subfield code="o">347.09</subfield>
    <subfield code="p">27980</subfield>
    <subfield code="r">2023-10-31 16:41:06</subfield>
    <subfield code="w">2023-10-31</subfield>
    <subfield code="y">BK</subfield>
  </datafield>
  <datafield tag="952" ind1=" " ind2=" ">
    <subfield code="0">0</subfield>
    <subfield code="1">0</subfield>
    <subfield code="4">0</subfield>
    <subfield code="7">0</subfield>
    <subfield code="8">LAW</subfield>
    <subfield code="a">JRU</subfield>
    <subfield code="b">JRU</subfield>
    <subfield code="c">SHELF-30-D</subfield>
    <subfield code="d">2023-10-31</subfield>
    <subfield code="e">PURCHASE [LBI]</subfield>
    <subfield code="g">380.00</subfield>
    <subfield code="l">3</subfield>
    <subfield code="m">1</subfield>
    <subfield code="o">347.09</subfield>
    <subfield code="p">27981</subfield>
    <subfield code="r">2026-05-09 15:50:48</subfield>
    <subfield code="s">2026-01-24</subfield>
    <subfield code="w">2023-10-31</subfield>
    <subfield code="y">BK</subfield>
  </datafield>
</record>
